Sivil-asker ilişkileri ve ordu-toplum mesafesi / (Record no. 12768)

MARC details
000 -BAŞLIK
Sabit Uzunlukta Kontrol Alanı 00791nam a22002537a 4500
999 ## - SİSTEM KONTROL NUMARALARI (KOHA)
Koha Biblionumber 12768
Koha Biblioitemnumber 12768
003 - KONTROL NUMARASI IDENTIFIER
Denetim Alanı MIRAKIL
005 - SON İŞLEM TARİHİ VE ZAMANI
Denetim Alanı 20190220135751.0
008 - SABİT-BOY VERİ ELEMANLARI - GENEL BİLGİLER
Sabit Uzunlukta Kontrol Alanı 190220b tu ||||| |||| 00| 0 tur d
020 ## - ULUSLARARASI STANDART KİTAP NUMARASI
Uluslararası Standart Kitap Numarası 9786058609785
040 ## - KATALOGLAMA KAYNAK
Orijinal Kataloglama Ajansı TR-AnCHP
Metne Dönüştürmek Ajansı TR-AnCHP
041 ## - DİL KODU
Metin / Ses Parça Veya Ayrı Başlığın Dil Kodu tur
082 ## - DEWEY ONLU SINIFLANDIRMA NUMARASI
Sınıflandırma Numarası 355.03
Ürün Numarası S58 2014
245 10 - BAŞLIK TABLOSU
Başlık Sivil-asker ilişkileri ve ordu-toplum mesafesi /
Sorumluluk Tablosu, Vb Salih Akyürek ...[ve öte.].
260 ## - YAYIN, DAĞITIM, VB
Yayın, Dağıtım, Vb Yeri Ankara :
Yayıncı, Dağıtıcı, Vs Adı Bilgesam yayınları,
Yayın, Dağıtım, Vb Tarihi 2014.
300 ## - FİZİKSEL TANIM
Kapsam xiv, 389 s. ;
Boyutlar 21 sm.
500 ## - GENEL NOT
Genel Not Kaynakça ve dizin vardır.
650 #0 - KONU KATMA GİRİŞ - TOPİKAL DÖNEM
9 (RLIN) 5220
Topikal Süreli Veya Coğrafi Ad Giriş Elemanı Asker sivil ilişkileri
Genel Alt Bölümü Türkiye
650 #0 - KONU KATMA GİRİŞ - TOPİKAL DÖNEM
9 (RLIN) 5221
Topikal Süreli Veya Coğrafi Ad Giriş Elemanı Ordu ve siyaset
Genel Alt Bölümü Türkiye
700 ## - KATMA GİRİŞ - KİŞİSEL İSİM
9 (RLIN) 5222
Kişisel Ad Akyürek, Salih
700 ## - KATMA GİRİŞ - KİŞİSEL İSİM
9 (RLIN) 5223
Kişisel Ad Koydemir, Serap
700 ## - KATMA GİRİŞ - KİŞİSEL İSİM
9 (RLIN) 5224
Kişisel Ad Atalay, Esra
700 ## - KATMA GİRİŞ - KİŞİSEL İSİM
9 (RLIN) 5225
Kişisel Ad Bıçaksız, Adnan
942 ## - EKLENDİ GİRİŞ ELEMANLARI (KOHA)
Sınıflandırma Veya Raf Düzeni Kaynak Dewey Decimal Classification
Koha Öğesi Türü Books
Holdings
Kalıcı Konum Mevcut Konum Edinme Tarihi Toplam Check-Out'Lar Tam Çağrı Numarası Barkod Tarih Son Görülme İtibaren Geçerli Fiyatlar Koha Öğesi Türü
CHP Kütüphanesi CHP Kütüphanesi 02/20/2019   355.03 S58 2014 018883 02/20/2019 02/20/2019 Books